[Event "11th London Classic 2019"]
[Site "London ENG"]
[Date "2019.12.04"]
[Round "1.9"]
[White "Carlsen, Magnus"]
[Black "Vachier-Lagrave, Maxime"]
[Result "0-1"]
[WhiteTitle "GM"]
[BlackTitle "GM"]
[WhiteElo "2872"]
[BlackElo "2780"]
[WhiteFideId "1503014"]
[BlackFideId "623539"]
[EventDate "2019.12.02"]

1. e4 c5 2. Nf3 d6 3. d4 cxd4 4. Nxd4 Nf6 5. Nc3 a6 6. Bg5 e6 7. f3 h6 8. Be3 b5
9. a3 Nbd7 10. Qd2 Bb7 11. O-O-O h5 12. Kb1 Be7 13. Rg1 Rc8 14. Be2 Nb6 15. Qe1
Nfd7 16. g4 hxg4 17. Rxg4 Bf8 18. Rg2 Ne5 19. f4 Nec4 20. Bc1 Qc7 21. Bxc4 Nxc4
22. Rd3 g6 23. b3 Bg7 24. Qd1 Qa5 25. f5 Ne5 26. b4 Qb6 27. fxg6 Nxg6 28. Be3
Bh6 29. Ndxb5 Bxe3 30. Nxd6+ Ke7 31. Nxb7 Ne5 32. Rxe3 Nc4 33. Rd3 Qxb7 34. Na4
Rhd8 35. Nc5 Rxd3 36. Nxd3 Nxa3+ 37. Kc1 Qxe4 38. Rf2 Qe3+ 39. Kb2 Nc4+ 40. Ka2
Nd6 41. Qh5 Nf5 42. Re2 Qg1 43. Qf3 Qb6 44. Ne5 Qb5 45. c4 Qa4+ 46. Qa3 Qxa3+
47. Kxa3 f6 48. Nd3 Rxc4 49. Nc5 Nd4 50. Re4 a5 51. Ka2 Rxb4 52. Nd3 Nb5 53.
Rxb4 axb4 54. Nxb4 f5 55. Kb2 Kf6 56. Kc2 Nd4+ 57. Kd3 Nf3 58. h3 e5 59. Ke3 Nh4
60. Nd5+ Kg5 61. Ne7 Ng6 62. Nc8 Nf4 63. h4+ Kxh4 64. Ne7 Kg5 65. Kf3 Ng6 66.
Nd5 e4+ 67. Ke3 Ne5 68. Kd4 Ng4 69. Nc7 Nh2 70. Ke3 Nf1+ 71. Kf2 Nd2 72. Ke3
Nc4+ 73. Kd4 Nd6 74. Ne6+ Kg4 75. Ke3 Kg3 76. Nd4 f4+ 77. Ke2 Kg2 78. Ne6 f3+
79. Ke3 Kg3 80. Nf4 Nc4+ 81. Kxe4 f2 82. Ne2+ Kg4 0-1